000 00292nam a2200109Ia 4500
008 190216s9999||||xx |||||||||||||| ||und||
100 _aMehta Hp
245 0 _aCareers In Medicine And Allied Fields
260 _bCentral Institute For Research &training
_c1971
300 _a188p
942 _cREF
999 _c35678
_d35678